| 000 | 00737nam a22002177a 4500 | ||
|---|---|---|---|
| 999 |
_c12898 _d12898 |
||
| 003 | AR-CdUCM | ||
| 008 | 190410b ||||| |||| 00| 0 spa d | ||
| 040 |
_aMUNICIPALIDAD PROVINCIAL DEL CUSCO _cBIBLIOTECA MUNICIPAL DEL CUSCO |
||
| 082 |
_a869.6 / _bA49 |
||
| 100 |
_aÁlvarez Villar, Alfonso _931014 |
||
| 245 | _aCuentos del caballo sabio / | ||
| 260 |
_aMadrid : _bEdit. Everest, _c1980. |
||
| 300 |
_a167 paginas ; _bIlustraciones, _c21 cm. |
||
| 440 |
_aColección Aladino _931015 |
||
| 500 | _a"De los 12 a 14 años en adelante y adultos"--Cubierta posterior | ||
| 505 | _aContenido :Cuentos / | ||
| 650 |
_aCuentos juveniles españoles _931016 |
||
| 650 |
_aSiglo XX _98 |
||
| 942 |
_2ddc _cLIBROS |
||
| 945 |
_arjall _d2019-04-10 |
||